000 00593nmm a2200181Ia 4500
008 251105s9999||||xx |||||||||||||||||und||
020 _a9788497493604
041 _aspa
100 _aCastro de Paz, José Luis
245 0 _aCine + Guerra Civil :
_b Nuevos hallazgos: aproximaciones analíticas e historiográficas
264 _a[Madrid, España] :
_bUniversidade da Coruña,
_c2009
300 _a264 páginas
650 _aFilm studies
700 _aCastro de Paz, José Luis
700 1 _a Castro de Paz, David
856 _uhttps://public.digitaliapublishing.com/a/9049
942 _cCF
999 _c63805
_d63805